Premeň si ma na kvietok

Bibliographic Details
Other Authors: Marčok, Viliam, 1935-2013 (Translator)
Format: Article
Language:Slovak
Subjects:

MARC

LEADER 00000nab a2200000 a 4500
001 vtls000197953
003 SK-MaSNL
005 20260304073005.0
008 250423c1984 xo 0 slo
015 |a SNBRB19rr/mm-uuuuu 
035 |a CL0208066 
035 |a urn:nbn:sk:snk-abbe5p 
035 |a (urnnbn)urn:nbn:sk:snk:ar-00474k 
035 |a (uuid)4f1bd850-ea0a-4d17-8d55-890dccc250ff 
040 |a SNKBUCL  |b slo  |c SNKBUCL  |e AACR2 
041 0 |a slo 
044 |a xo  |c SK 
080 |a 894.362-1  |2 1981 
080 |a 398.8(=943.62)  |2 1981 
245 0 0 |a Premeň si ma na kvietok  |c preložil Viliam Marčok 
650 0 7 |a bajaty azerbajdžanské  |2 snkbucl  |9 1361368 
655 7 |a články z novín a časopisov  |2 snkbucl  |9 267496 
655 7 |a články z odboru literárna veda a krásna literatúra  |2 snkbucl  |9 770045 
700 1 |a Marčok, Viliam,  |d 1935-2013  |4 trl  |9 99981 
773 0 |t Revue svetovej literatúry  |g Roč. 20, č. 6 (1984), s. 89-93 
850 |a Slovenská národná knižnica 
852 |a Slovenská národná knižnica 
958 |a article15 
958 |a RK 
958 |a LX 
958 |a SU 
958 |a OND 
958 |a EUIPO 
999 |c 2768913  |d 2770843